| 000 | 02344cam a22004574i 4500 | ||
|---|---|---|---|
| 003 | PE-LiUPU | ||
| 005 | 20250731165412.0 | ||
| 008 | 151030s2008 pe a grm 000 0 spa d | ||
| 035 | _a(Sirsi) a155100 | ||
| 040 |
_aPE-LiUPU _bspa _cPE-LiUPU _erda |
||
| 099 |
_aTPS 2 _bL55 2008 |
||
| 100 | 1 |
_aLeyva Tapia, Magali _eautor |
|
| 245 | 1 |
_aCreencias irracionales en sujeros adictos y no adictos a sustancias psicoactivas, año 2008 / _cMagali Leyva Tapia. |
|
| 264 | 0 | _c2008 | |
| 300 |
_a131 hojas : _bilustraciones; _c30 cm |
||
| 336 |
_atext _2rdacontent |
||
| 337 |
_aunmediated _2rdamedia |
||
| 338 |
_avolume _2rdacarrier |
||
| 502 |
_aTesis _b(Lic.) -- _cUniversidad Peruana Unión, _d2008. |
||
| 504 | _aIncluye referencias | ||
| 520 | 3 | _aSe comparan las creencias irracionales en sujetos adictos y no adictos a sustancias psicoactivas. Se empleo un diseño no experimental de tipo descriptivo y comparativo. Participaron una muestra de 53 adictos a sustancias psicoactivas (Pasta Básica de Cocaína 30.2 por cien, Clorhidrato de Cocaína 9.4 por ciento, Marihuana 26.4 por ciento, Alcohol 5.7 por ciento, Poli dicción 28.3 por ciento y un grupo de 50 personas si adicciones químicas; ambos grupos tenían características sociodemográficas similares. Para evaluar las creencias irracionales se aplicó el inventario de creencias irracionales de Albert Ellis y una ficha de datos para ambos grupos de sujetos. Los resultados mostraron que los sujetos adictos presentaban mayores niveles de disfuncionalidad respecto de personas no adictas. Estas diferencias fueron mas notorias en la creencia 6: Ansiedad a lo desconocido y la creencia 9: Afección al pasado, observándose también diferencias significativas entre los grupos (p0,001). | |
| 526 | _aSEG44 | ||
| 526 | _aSEG26 | ||
| 526 | _aP151 | ||
| 526 | _aP150 | ||
| 526 | _aP149 | ||
| 526 | _aP146 | ||
| 526 | _aP145 | ||
| 526 | _aP126 | ||
| 526 | _aP125 | ||
| 526 | _aP92 | ||
| 526 | _aP75 | ||
| 526 | _aP74 | ||
| 526 | _aP27 | ||
| 526 | _aP15 | ||
| 650 | 0 | 4 |
_aDrogadicción _xAspectos psicológicos. |
| 700 | 1 |
_aInfante Moza, Carlos _eautor |
|
| 596 | _a1 | ||
| 942 |
_2ddc _cTESIS |
||
| 999 |
_aTPS 2 L55 2008 _wALPHANUM _c7791 _iT01083 _lCCODEBUL3 _mBUL _r1 _sY _tTESIS _u2015-10-30 _xSALUD _PP33 _o.STAFF. Tesis _d7791 |
||
| 980 |
_81 _gALBERTO SANCHEZ Responsable de Automatización |
||